|
|
|
|
| LEADER |
01206nam a22002777a 4500 |
| 001 |
32974 |
| 003 |
BD-DhAAL |
| 005 |
20230202125818.0 |
| 008 |
180412s2015 bg ||||| |||| 00| 0 ben d |
| 020 |
|
|
|a 98490078904
|
| 040 |
|
|
|a BD-DhAAL
|
| 041 |
|
|
|a ben
|
| 082 |
|
|
|2 19
|a 891.4414
|
| 100 |
|
|
|a দত্ত, মাইকেল মধুসূদন
|9 25492
|
| 245 |
|
|
|a চতুর্দশপদী কবিতাবলী /
|c মাইকেল মধুসূদন দত্ত, গৌতম দত্ত আলোচনা
|
| 260 |
|
|
|b ঢাকা :
|a সুচয়নী পাবলিশার্স,
|c ২০১৫
|
| 300 |
|
|
|a ১০৫ পৃষ্ঠা ;
|c ২২ সে. মি.
|
| 526 |
|
|
|a AAL
|
| 541 |
|
|
|a Rokomari.com
|e 32974
|
| 600 |
|
|
|a Dutt, Michael Madhusudan,
|d 1824-1873.
|9 25494
|
| 650 |
|
|
|y 19th century
|a Bengali literature.
|9 25495
|
| 700 |
|
|
|a দত্ত, গৌতম
|9 25496
|
| 852 |
|
|
|a Ayesha Abes Library
|c General Stacks
|
| 942 |
|
|
|2 ddc
|c BK
|
| 999 |
|
|
|c 39236
|d 39236
|
| 952 |
|
|
|0 0
|1 0
|2 ddc
|4 0
|6 891_441400000000000_DUT
|7 0
|9 63134
|a BRACUL
|b BRACUL
|c GEN
|d 2018-04-11
|e Rokomari.com
|g 147.00
|l 4
|m 8
|o 891.4414 DUT
|p 3010032974
|r 2024-05-12
|s 2024-05-05
|t 1
|v 147.00
|w 2018-04-11
|y BK
|